Consejo Francisco de Montejo No. 2109 de la orden de Caballeros de Colón. Directorio

Detalles Bibliográficos
Formato: Libro
Lenguaje:Spanish
Publicado: Mérida, Yucatán, México : s.n., 1949.
Materias:
Colección:Banco de datos
Acervo:Colección Seminario de Yucatán del Instituto Francisco de Toral. Conkal. Yucatán
Descripción Física:[10] h. ; 18 cm.
Tema general:Asociaciones religiosas
Notas:Encuadernación editorial
LEADER 00591nam a22001690004500
035 |a 704 
041 0 |a spa 
245 1 0 |a Consejo Francisco de Montejo No. 2109 de la orden de Caballeros de Colón. Directorio 
260 |a Mérida, Yucatán, México : s.n., 1949. 
300 |a [10] h. ; 18 cm. 
500 |a Encuadernación editorial 
610 1 4 |a Caballeros de Colón 
650 1 0 |a Asociaciones religiosas 
949 |a Colección Seminario de Yucatán: 1141 
942 |c CONKALSEM 
943 |g Colección Seminario de Yucatán del Instituto Francisco de Toral. Conkal. Yucatán 
999 |c 1091907  |d 1091907